书目信息 |
| 题名: |
实用建筑结构设计手册
|
|
| 作者: | 张天恩 编著 | |
| 分册: | ||
| 出版信息: | 机械工业 1995.03 |
|
| 页数: | 725页 | |
| 开本: | 20cm | |
| 丛书名: | ||
| 单 册: | ||
| 中图分类: | TU318-62 | |
| 科图分类: | ||
| 主题词: | 建筑结构--理论 , 建筑结构--结构计算 | |
| 电子资源: | ||
| ISBN: | 7-111-04407-X | |
| 000 | 00658nam0 2200241 45 | |
| 001 | 0930877333 | |
| 005 | 20091012083605.17 | |
| 010 | @a7-111-04407-X@dCNY40.00 | |
| 100 | @a20090515d1995 ekmy0 y0120 ea | |
| 102 | @aCN@b130000 | |
| 102 | @aCN@b110000 | |
| 105 | @ay z 000yy | |
| 200 | 1 | @a实用建筑结构设计手册@f张天恩编著@Fzhang tian en bian zhu |
| 210 | @c机械工业@d1995.03 | |
| 210 | @a北京@c机械工业出版社 | |
| 215 | @a725页@d20cm | |
| 606 | 0 | @a建筑结构@x理论 |
| 606 | 0 | @a建筑结构@x结构计算 |
| 690 | @aTU318-62@v4 | |
| 701 | 0 | @a张天恩@Azhang tian en@4编著 |
| 801 | 0 | @aCN@c20091012 |
| 905 | @a10447@dTU318-62@eZ266 | |
| 906 | @d40@n2@r1 | |
| 实用建筑结构设计手册/张天恩编著.-机械工业,1995.03.-北京:机械工业出版社 |
| 725页;20cm |
| ISBN 7-111-04407-X:CNY40.00 |
| ● |
| 相关链接 |
|
|
|
正题名:实用建筑结构设计手册
索取号:TU318-62/Z266
 
预约/预借
| 序号 | 登录号 | 条形码 | 馆藏地/架位号 | 状态 | 备注 |
| 1 | 894733 | 208947336 | 建筑库101/101建筑库 81排1列5层/ [索取号:TU318-62/Z266] | 在馆 | |
| 2 | 894734 | 208947345 | 建筑库101/101建筑库 81排1列5层/ [索取号:TU318-62/Z266] | 在馆 |